Southville International School and Colleges
Your cart is empty.
  • Cart
  • Lists
    Public lists list_1 View all
    Your lists Log in to create your own lists
  • Log in to your account
  • Your cookies
  • Search history
Southville International School and Colleges
  • Advanced search
  • Recent comments
  • Most popular
  • Libraries

Log in to your account

Log in with GOOGLE


If you do not have an external account, but do have a local account, you can still log in:

  1. Home
  2. MARC view: 41 active learning strategies for the inclusive classroom, grades 6-12 /
Normal view MARC view ISBD view

41 active learning strategies for the inclusive classroom, grades 6-12 / (Record no. 25804)

[ view plain ]
MARC details
000 -LEADER
fixed length control field 00779nam a22002297a 4500
005 - DATE AND TIME OF LATEST TRANSACTION
control field 20140310183640.0
008 - FIXED-LENGTH DATA ELEMENTS--GENERAL INFORMATION
fixed length control field 131216b xxu||||| |||| 00| 0 eng d
020 ## - INTERNATIONAL STANDARD BOOK NUMBER
International Standard Book Number 9781412993975
050 ## - LIBRARY OF CONGRESS CALL NUMBER
Classification number LB 1027.23 
Item number .C334 2012
100 ## - MAIN ENTRY--PERSONAL NAME
Personal name Casale-Giannola, Diane.
245 ## - TITLE STATEMENT
Title 41 active learning strategies for the inclusive classroom, grades 6-12 /
Statement of responsibility, etc Diane Casale-Giannola, Linda Schwartz Green.
260 ## - PUBLICATION, DISTRIBUTION, ETC. (IMPRINT)
Place of publication, distribution, etc Thousand Oaks :
Name of publisher, distributor, etc Corwin Press,
Date of publication, distribution, etc 2012.
300 ## - PHYSICAL DESCRIPTION
Extent xvi, 207 p. :
Other physical details ill. ;
Dimensions 28 cm.
504 ## - BIBLIOGRAPHY, ETC. NOTE
Bibliography, etc Includes Bibliographic References and Index.
521 ## - TARGET AUDIENCE NOTE
Target audience note
650 ## - SUBJECT ADDED ENTRY--TOPICAL TERM
Topical term or geographic name as entry element Active learning.
650 ## - SUBJECT ADDED ENTRY--TOPICAL TERM
Topical term or geographic name as entry element Education, Secondary.
650 ## - SUBJECT ADDED ENTRY--TOPICAL TERM
Topical term or geographic name as entry element Inclusive education.
700 ## - ADDED ENTRY--PERSONAL NAME
Personal name Green, Linda Schwartz.
Relator term author.
942 ## - ADDED ENTRY ELEMENTS (KOHA)
Source of classification or shelving scheme Library of Congress Classification
Koha item type Books
Call number prefix Foreign
Holdings
Withdrawn status Lost status Source of classification or shelving scheme Damaged status Home library Current library Shelving location Date acquired Total Checkouts Full call number Barcode Date last seen Copy number Price effective from Koha item type
Withdrawn   Library of Congress Classification   College Library College Library Reserve Section 12/16/2013   LB 1027.23  .C334 2012 C17258 12/16/2013 1 12/16/2013 Books

41 active learning strategies for the inclusive classroom, grades 6-12 /

APA

Casale-Giannola D., Green L. S., . (2012). 41 active learning strategies for the inclusive classroom, grades 6-12. Thousand Oaks: Corwin Press.

Chicago

Casale-Giannola Diane, Green Linda Schwartz, . 2012. 41 active learning strategies for the inclusive classroom, grades 6-12. Thousand Oaks: Corwin Press.

Harvard

Casale-Giannola D., Green L. S., . (2012). 41 active learning strategies for the inclusive classroom, grades 6-12. Thousand Oaks: Corwin Press.

MLA

Casale-Giannola Diane, Green Linda Schwartz, . 41 active learning strategies for the inclusive classroom, grades 6-12. Thousand Oaks: Corwin Press. 2012.

  • Print
  • Cite
  • Add to your cart (remove)
  • Save record
    BIBTEX Dublin Core MARCXML MARC (non-Unicode/MARC-8) MARC (Unicode/UTF-8) MARC (Unicode/UTF-8, Standard) MODS (XML) RIS
  • More searches
    Search for this title in:
    Other Libraries (WorldCat) Other Databases (Google Scholar) Online Stores (Bookfinder.com) Open Library (openlibrary.org)

Exporting to Dublin Core...

SOUTHVILLE LIBRARY

Southville International School and Colleges Library

1281 Tropical Ave. Cor. Luxembourg St., BF Homes International, Las Pinas City

Tel. No. 8256374 / 252358 Loc. 117/146

Powered by Koha